| 000 | 00631nam a22001937a 4500 | ||
|---|---|---|---|
| 999 |
_c525426 _d525426 |
||
| 003 | NUST | ||
| 005 | 20190702060843.0 | ||
| 008 | 190702b ||||| |||| 00| 0 eng d | ||
| 038 | _aMr. Zahoor | ||
| 082 | _a620.1 | ||
| 100 |
_aWaris, Muhammad Asim _916293 |
||
| 245 |
_aClassification of Functional motions of Hand for Upper Limb Prosthesis With Surface Electromyography (EMG) / _cMuhammad Asim Waris |
||
| 260 |
_aIslamabad : _bSMME - NUST _c2013. |
||
| 300 |
_a86 p. : ill, ; _c30cm. |
||
| 500 | _aHardcover. | ||
| 650 |
_aMechanical Engineering - MS Thesis _916090 |
||
| 700 |
_aDr. Mohsin Jamil _916128 |
||
| 942 |
_2ddc _cTHE |
||